000 01292cam a22003011 4500
001 1372
005 20230822155145.0
008 751204s1966 ilua j 000 1 eng
020 _a792836003958
040 _aDLC
_cWa
_dDLC
_dOCoLC
_dDLC
_beng
050 0 0 _aPZ7.W244
_bCab
082 _2Fic
100 1 _aWarner, Gertrude Chandler,
_d1890-1979.
245 1 0 _aCaboose mystery.
_cIllustrated by David Cunningham.
260 _aChicago,
_bA. Whitman
_c1966
300 _a128 pages:
_billustrations;
_c20 cm
490 0 _aHer The boxcar children
_vBook 11
505 _aO
520 _aWhen the Aldens spend the summer riding on a train, they get to live in a train car once again - this time, they're staying in Caboose No. 777. The number is hard to forget, and indeed, the children meet people at each stop who seem to know it well. It turns out Caboose No. 777 has an unusual past - one that comes with its very own mystery!
521 _a610
_bLexile
521 _aO
_bRaz-Plus
650 0 _aBoxcar children (Fictitious characters)
_vJuvenile fiction.
650 0 _aOrphans
_vJuvenile fiction.
650 0 _aFamilies
_vJuvenile fiction.
655 7 _aDetective and mystery stories.
_2gsafd
906 _a7
_bcbc
_corignew
_du
_eocip
_f19
_gy-gencatlg
942 _2ddc
_cBK
_n0
999 _c1372
_d1372